| 000 | 00807cam5a220022900 4500 | ||
|---|---|---|---|
| 001 | tmp15450337 | ||
| 003 | UPRA | ||
| 005 | 20190830100702.0 | ||
| 008 | 950817s1975 enk eng u | ||
| 035 | _a(Sirsi) r108965 | ||
| 035 | _a(UPRA)tmp15450337 | ||
| 040 | _cUPRA | ||
| 100 | 1 |
_aAlba, Victor. _6A67941.1 |
|
| 245 | 1 | 0 |
_aCatalonia : _ba profile. |
| 260 |
_aLondon : _bHurst, _c[1975] |
||
| 504 | _aIncludes bibliographical references. | ||
| 651 | 0 |
_aCatalonia -- Economic conditions. _xCatalonia -- Economic conditions. _6S51949.1 |
|
| 651 | 0 |
_aCatalonia -- Politics and government. _xCatalonia -- Politics and government. _6S51950.1 |
|
| 651 | 0 |
_aCatalonia -- Social conditions. _xCatalonia -- Social conditions. _6S51951.1 |
|
| 949 |
_aHX342 _wlcc _i-155367 _mMAIN _tBOOK _lON-SHELF |
||
| 004 | 108965 | ||
| 999 |
_c182018 _d182019 |
||